000 00908cab a2200229 4500
001 X3904
008 090401t1997 xxu||||| |||| 00| 0 eng d
035 _a(Sirsi) u33672
041 _aeng
245 _aWestminster CC and Samuelson
260 _c1997
350 _a0
490 _aPlanning Appeal Decisions
_v[1997] 12 PAD 70-73(4)
520 _aChange of use - shop to wine bar - triangular pedestrian island - very busy city street - conservation area - pedestrian safety - numbers of callers - no significant change in pattern of pedestrian movement - pedestrian crossing accidents - no effect on pedestrian safety - lively character of conservation area - conditions.
650 _aCHANGE OF USE
650 _aCONSERVATION AREA
650 _aPEDESTRIAN SAFETY
650 _aWESTMINSTER CC AND SAMUELSON
690 _aPLANNING LAW AND PRACTICE-CASE LAW
942 _n0
948 _c04/03/1997
999 _c22453
_d22453